Liber primus sententiarum de Deo uno et trino ad mentem doctoris subtilis Joannis Duns Scoti

Podstata, predmet a princípy teológie podľa náuky Jána Duns Scota, kánonické právo, knihy nariadení a úprav pápeža Gregora IX., dodatok o pravidlách práva

Bibliographic Details
Format: Manuscript Book
Language:Latin
PhysicalDescription:641 nečíslovaných strán rukopis, viazaný 21 cm
Published: [Miesto vzniku nie je známe] 1757
Subjects:

MARC

LEADER 00000ctmaa2200000 a 4500
001 vtls011555237
003 SK-MaSNL
005 20260301040954.0
008 230802s1757 xx || 000 1 lat
035 |a urn:nbn:sk:snk-tm00cpxy 
035 |a urn:nbn:sk:snk-tm3n2oz 
035 |a 407A62E0-C719-485D-BB7D-6486D4C6EC8C 
040 |a SNKLA  |b slo  |c SNKLA  |e AACR2 
041 0 |a lat 
044 |a xx 
072 7 |a 27-78  |x Kresťanské združenia, spolky a organizácie. Rehoľné rády  |2 konspekt 
080 |a 2-284  |2 2011 
080 |a 2-29  |2 2011 
080 |a 025.171  |2 2011 
245 0 0 |a Liber primus sententiarum de Deo uno et trino ad mentem doctoris subtilis Joannis Duns Scoti 
260 |a [Miesto vzniku nie je známe]  |c 1757 
300 |a 641 nečíslovaných strán  |b rukopis, viazaný  |c 21 cm 
500 |a Na chrbte knihy signatúra 134 
500 |a Vpredu dve, v strede jedna vystrihnutá strana 
520 2 |a Podstata, predmet a princípy teológie podľa náuky Jána Duns Scota, kánonické právo, knihy nariadení a úprav pápeža Gregora IX., dodatok o pravidlách práva 
555 0 |a Inventár rukopisov Archívu literatúry a umenia Matice slovenskej. Rukopisy historických knižníc na Slovensku I. Martin: Matica slovenská 1992 
600 0 7 |a Gregor  |b IX.,  |c pápež,  |d 1170-1241  |2 SNKLA 
600 1 |a Duns Scotus, Johannes,  |d asi 1265-1308  |2 SNKMA  |9 127417 
610 2 7 |a Františkáni (Hlohovec, Slovensko)  |b Salvatoriánska provincia  |2 SNKLA  |9 341936 
650 0 7 |a teológia  |2 SNKPH  |9 1814 
655 7 |a náboženská literatúra  |2 SNKPH  |9 281482 
655 7 |a rukopisy  |2 SNKPH  |9 70548 
852 |a Slovenská národná knižnica  |b Literárny archív 
958 |a ZH 
958 |a LAVD 
999 |c 587271  |d 589201 
952 |a SNKLA  |b SNKLA  |c SNKLA_DEP  |y NEVYP  |7 0  |p 17A1191310  |o snkRHKS 120  |0 0  |1 0  |4 0  |d 2016-05-26  |f 1  |l 0  |r 2026-02-23 15:13:23  |w 2026-02-23